| 000 | 00766ntm a22002057a 4500 | ||
|---|---|---|---|
| 005 | 20170810125615.0 | ||
| 008 | 170802s xx a frb 000 0 eng d2014 | ||
| 040 |
_aEG-ScBUE _beng _cEG-ScBUE |
||
| 082 | 0 | 4 |
_222 _a624 _bNAH |
| 100 | 1 | _aNahas, Omar Khaled. | |
| 245 | 1 | 0 |
_aSafety management in construction projects in Egypt / _cby Omar Khaled EL-Nahas. |
| 260 | _c2014. | ||
| 300 |
_a72 p. : _bill. (col.) ; _c28 cm. |
||
| 500 | _aA dissertation submitted to the faculty of engineering the British university in Egypt in partial fulfillment of the requirements of the bachelor degree in Civil Engineering | ||
| 590 | _aNOURA TARK KAMAL. | ||
| 650 | 7 |
_2BUEsh _vProjects _aCivil Engineering. |
|
| 653 |
_bENGCIV _cAugust2017 |
||
| 655 | _vSPRO | ||
| 942 | _2ddc | ||
| 999 |
_c25234 _d25206 |
||